000 00761nam a22002537a 4500
001 BR9604917
003 BR-BrBNA
005 20230928095051.0
007 ta
008 230509b bl.||||| |||| 00| 0 por d
040 _aBR-BrBNA
_bpor
_cBiblioteca Nacional de Agricultura
041 _a(Por)
072 _aL01; F01
_b5214
_b1940
090 _ 5214 BR9604917
110 1 _aEmpresa de Assistencia Tecnica e Extensao Rural do Estado de mato Grosso, Cuiaba (Brasil)
_94017
245 1 _aPecuaria corte
_bCurso de Atualizacao Tecnica Regional de Campo Grande
260 3 _aCuiaba, MT (Brasil):
_c1978.
300 _a[vp]
650 _aGado de Corte
650 _aProdutividade
650 _aPastagem
909 _a202309
_bLucia
_c55
_dLucia Elande
942 _cBK
999 _c54310
_d54310